Loading...
| Science - Other | 3 | 4 | 3 | 2 | 70 | 28 | 89.00 | 1 | 2 | 0.00 | 0.00 |
| Science - Chemistry | 1 | 6 | 5 | 2 | 50 | 43 | 96.00 | 2 | 5 | 0.00 | 0.00 |
| Science - Physics | 1 | 4 | 1 | 1 | 50 | 66 | 108.20 | 0 | 1 | 0.00 | 0.00 |
| Science - Biology | 1 | 3 | 2 | 0 | 35 | 54 | 87.50 | 1 | 1 | 0.00 | 0.00 |
| Beliefs | 1 | 2 | 0 | 0 | 35 | 91 | 98.33 | 0 | 1 | 0.00 | 0.00 |
| Fine Arts - Other Arts | 1 | 0 | 0 | 0 | 15 | 32 | 32.00 | 0 | 1 | 0.00 | 0.00 |
| Other Academic | 0 | 2 | 1 | 1 | 15 | 88 | 107.00 | 0 | 1 | 0.00 | 0.00 |
| Social Science | 0 | 2 | 1 | 0 | 15 | 110 | 117.50 | 0 | 0 | 0.00 | 0.00 |
| History - Ancient | 1 | 0 | 0 | 0 | 15 | 52 | 52.00 | 1 | 1 | 0.00 | 0.00 |
| Visual Arts | 0 | 1 | 0 | 0 | 10 | 108 | 108.00 | 0 | 0 | 0.00 | 0.00 |
| History - American | 0 | 1 | 0 | 1 | 10 | 115 | 115.00 | 0 | 0 | 0.00 | 0.00 |
| Literature - World | 0 | 1 | 0 | 1 | 10 | 153 | 153.00 | 0 | 0 | 0.00 | 0.00 |
| Philosophy | 0 | 1 | 1 | 0 | 5 | 130 | 130.00 | 0 | 0 | 0.00 | 0.00 |
| History - European | 0 | 0 | 0 | 0 | 0 | 0.00 | 0 | 0 | 0.00 | 0.00 |